[Event "Boyaca Region-ch U14 Girls"]
[Site "Tibana"]
[Date "2010.06.02"]
[Round "2.3"]
[White "Naranjo Abril, Astrid Vivian"]
[Black "Pedroza Daza, Nathalia Paola"]
[Result "1-0"]
[WhiteElo "1434"]
[BlackElo "1530"]
[PlyCount "52"]
[EventDate "2010.06.02"]
[EventType "swiss"]
[EventRounds "5"]
[EventCountry "COL"]
[SourceTitle "EXT 2024"]
[Source "ChessBase"]
[SourceDate "2023.10.10"]
[SourceVersion "1"]
[SourceVersionDate "2023.10.10"]
[SourceQuality "1"]

1. e4 e5 2. Nf3 Nc6 3. Bb5 Nd4 4. Nxd4 exd4 5. d3 Bb4+ 6. c3 dxc3 7. bxc3 Ba5 8. 0-0 Qf6 9. d4 Ne7 10. e5 Qb6 11. a4 Nd5 12. Bb2 0-0 13. c4 c6 14. cxd5 cxb5 15. axb5 Qxb5 16. Ba3 Re8 17. d6 b6 18. Nd2 Bb7 19. Nf3 f6 20. Rb1 Qc6 21. d5 Qc3 22. Bb2 Qc4 23. Qd4 Qb5 24. Bc3 Bxd5 25. Rxb5 fxe5 26. Qxd5+ Kh8 1-0